Phi-Phi (Record no. 170024)

MARC details
000 -LEADER
campo de control de longitud fija 00758nam a2200217 i 4500
001 - NÚMERO DE CONTROL
campo de control 170024
003 - IDENTIFICADOR DE NÚMERO DE CONTROL
campo de control ES-MaACL
005 - FECHA Y HORA DE LA ÚLTIMA TRANSACCIÓN
campo de control 20230906214251.0
008 - DATOS DE LONGITUD FIJA--INFORMACIÓN GENERAL
campo de control de longitud fija 090114s1949 fr |||| | fre d
080 ## - NÚMERO DE LA CLASIFICACIÓN DECIMAL UNIVERSAL
Número de la Clasificación Decimal Universal 821.133.1-293
100 1# - ENTRADA PRINCIPAL--NOMBRE DE PERSONA
Nombre de persona Willemetz, Albert.
9 (RLIN) 116888
245 10 - MENCIÓN DEL TÍTULO
Título Phi-Phi
Resto del título : opérette légère en 3 actes /
Mención de responsabilidad, etc. Albert Willemetz et Fabien Sollar.
260 ## - PUBLICACIÓN, DISTRIBUCIÓN, ETC.
Lugar de publicación, distribución, etc. Paris :
Nombre del editor, distribuidor, etc. [s.n.],
Fecha de publicación, distribución, etc. 1949 (
Fabricante Persan-Beaumont)
300 ## - DESCRIPCIÓN FÍSICA
Extensión 36 p. :
Otras características físicas il. ;
Dimensiones 27 cm.
490 1# - MENCIÓN DE SERIE
Mención de serie Opera : supplément théatral ;
Designación de volumen o secuencia 8
500 ## - NOTA GENERAL
Nota general Cubierta il. con fot.
700 1# - ENTRADA AGREGADA--NOMBRE PERSONAL
Nombre de persona Sollar, Fabien.
9 (RLIN) 139180
830 0# - PUNTO DE ACCESO ADICIONAL DE SERIE-TÍTULO UNIFORME
Título uniforme Opera : supplément théatral ;
Designación de volumen o secuencia 8
9 (RLIN) 188914
852 4# - LOCALIZACIÓN
Ubicación ES-MaACL
Número de control de estantería E-12381(5)
itemnumber R.140535
Nota libre . - Biblioteca Jacinto Martínez Lacalle
Holdings
Estatus retirado Estado de pérdida Estado de daño No para préstamo Biblioteca de origen Biblioteca actual Ubicación en estantería Fecha de adquisición Fuente de adquisición Total de préstamos Signatura topográfica completa Código de barras Visto por última vez Precio de reemplazo Tipo de ítem Koha
        Biblioteca del Ateneo de Madrid Biblioteca del Ateneo de Madrid Depósito 2 14/01/2009     E-12381(5) 1178496 23/02/2023 23/02/2023 Libro impreso